000 01321cam a2200157 4500500
005 20260405085601.0
041 _afre
042 _adc
100 1 0 _aBrack, Nathalie
_eauthor
700 1 0 _ade Waele, Jean-Michel
_eauthor
700 1 0 _aPilet, Jean-Benoît
_eauthor
245 0 0 _aLes démocraties européennes : Institutions, élections et partis politiques
260 _bArmand Colin,
_c2015.
520 _aL’Europe traverse actuellement une crise profonde et complexe, qui affecte tant l’Union européenne que les États qui la composent. Dans ce contexte, il est crucial de comprendre les systèmes politiques différents qui structurent, directement et indirectement, la vie de plus de 500 millions de citoyens.Cet ouvrage propose une analyse des régimes politiques des 28 États membres de l’Union européenne avec, en trame de fond, un questionnement relatif à l’émergence d’un modèle européen de démocratie. Cette nouvelle édition, mise à jour pour tenir compte des derniers développements politiques et institutionnels, montre que les démocraties européennes, bien que partageant certaines similitudes, portent aussi la trace de leur trajectoire nationale propre.
856 4 1 _uhttps://shs.cairn.info/les-democraties-europeennes--9782200601621?lang=fr&redirect-ssocas=7080
999 _c2198743
_d2198743